00521pab a2200169 454500008004000000100002800040245007600068260000900144300001500153362001100168650003000179650003300209650002200242700002700264700002600291773003400317180718b2013 xxu||||| |||| 00| 0 eng d aAcuna, Vivien Villagran aRegional infrastructure planning in Chile: challenges and opportunities c2013 ap.130-142. aAutumn aRegional planning - Chile aRegional development - Chile aRegional planning aVoullieme, Uwe Gehrels aAquino, Felipe Livert aRegional Development Dialogue